[Event "ROM-ch U10"]
[Site "Calimanesti"]
[Date "2018.03.29"]
[Round "3"]
[White "Dumitrescu Baranga, Andrei"]
[Black "Ungureanu, Andrei"]
[Result "0-1"]
[WhiteElo "1001"]
[BlackElo "1058"]
[PlyCount "23"]
[EventDate "2018.03.27"]
[EventType "swiss"]
[EventRounds "9"]
[EventCountry "ROU"]
[SourceTitle "CBM 183 Extra"]
[Source "ChessBase"]
[SourceDate "2018.04.19"]
[SourceVersion "1"]
[SourceVersionDate "2018.04.19"]
[SourceQuality "1"]

1. g3 d5 2. h3 c5 3. Bg2 Nc6 4. f3 e5 5. e3 Nf6 6. a3 Be6 7. b3 Be7 8. c3 Qa5 9. b4 cxb4 10. Bb2 bxa3 11. Bxa3 Bxa3 12. Nxa3 0-1